This is Japan
Spremljeno u:
| Format: | Knjiga |
|---|---|
| Jezik: | Undetermined |
| Izdano: |
Tokyo
Asahi Shimbun
1970
|
| Teme: | |
| Oznake: |
Dodaj oznaku
Bez oznaka, Budi prvi tko označuje ovaj zapis!
|
| Thư viện lưu trữ: | Trung tâm Học liệu Trường Đại học Cần Thơ |
|---|
| LEADER | 00440nam a2200157Ia 4500 | ||
|---|---|---|---|
| 001 | CTU_104758 | ||
| 008 | 210402s9999 xx 000 0 und d | ||
| 082 | |a 915.2 | ||
| 082 | |b T448/Vol.18 | ||
| 245 | 0 | |a This is Japan | |
| 260 | |a Tokyo | ||
| 260 | |b Asahi Shimbun | ||
| 260 | |c 1970 | ||
| 650 | |a Art, Japanese,Nhật Bản,Nghệ thuật, Nhật Bản | ||
| 904 | |i Năm | ||
| 980 | |a Trung tâm Học liệu Trường Đại học Cần Thơ | ||